000
00283nam a22001097a 4500
082
_a
PAM 370.1965 PHI
100
_a
Phillips,H.M.
245
_a
PLANNING EDUCATIONAL ASSISTANCE FOR THE SECOND DEVELOPMENT DECADE
260
_a
PARIS
_b
UNESCO
_c
1973
300
_a
75p.
_b
21cm.
942
_c
BK
999
_c
19882
_d
19882